The business of IT :how to improve service and lower costs / (Record no. 3174)

000 -LEADER
fixed length control field 01611cam a2200337 a 4500
001 - CONTROL NUMBER
control field 15763932
003 - CONTROL NUMBER IDENTIFIER
control field OSt
005 - DATE AND TIME OF LATEST TRANSACTION
control field 20160906155549.0
008 - FIXED-LENGTH DATA ELEMENTS--GENERAL INFORMATION
fixed length control field 090605s2010 njua b 001 0 eng
010 ## - LIBRARY OF CONGRESS CONTROL NUMBER
LC control number 2009020220
015 ## - NATIONAL BIBLIOGRAPHY NUMBER
National bibliography number GBA966600
Source bnb
016 7# - NATIONAL BIBLIOGRAPHIC AGENCY CONTROL NUMBER
Record control number 015306991
Source Uk
020 ## - INTERNATIONAL STANDARD BOOK NUMBER
International Standard Book Number 9780137000616 (pbk. : alk. paper)
020 ## - INTERNATIONAL STANDARD BOOK NUMBER
International Standard Book Number 0137000618 (pbk. : alk. paper)
035 ## - SYSTEM CONTROL NUMBER
System control number (OCoLC)ocn316017564
040 ## - CATALOGING SOURCE
Original cataloging agency DLC
Transcribing agency DLC
Modifying agency BTCTA
-- YDXCP
-- UKM
-- C#P
-- DLC
050 00 - LIBRARY OF CONGRESS CALL NUMBER
Classification number HD62.37.R928 2010
082 00 - DEWEY DECIMAL CLASSIFICATION NUMBER
Classification number 004.068
Edition number 22
100 1# - MAIN ENTRY--PERSONAL NAME
Personal name Ryan, Robert.
245 14 - TITLE STATEMENT
Title The business of IT :how to improve service and lower costs /
Statement of responsibility, etc Robert Ryan and Tim Raducha-Grace.
260 ## - PUBLICATION, DISTRIBUTION, ETC. (IMPRINT)
Place of publication, distribution, etc Upper Saddle River, NJ :
Name of publisher, distributor, etc IBM Press,
Date of publication, distribution, etc c2010.
300 ## - PHYSICAL DESCRIPTION
Extent xxiv, 292 p. :
Other physical details ill. ;
Dimensions 29 cm.
504 ## - BIBLIOGRAPHY, ETC. NOTE
Bibliography, etc Includes bibliographical references and index.
505 0# - FORMATTED CONTENTS NOTE
Formatted contents note Improving service and lowering costs -- IT service lifecycle : improving business performance -- Adopting IT service management using ITIL -- IT financial management : the business of IT -- IT business cases : realizing IT value -- IT performance management : defining success -- IT business skills : enabling customer outcomes -- Success stories : improving service and lowering costs -- Going forward.
650 #0 - SUBJECT ADDED ENTRY--TOPICAL TERM
Topical term or geographic name as entry element High technology industries
General subdivision Management.
650 #0 - SUBJECT ADDED ENTRY--TOPICAL TERM
Topical term or geographic name as entry element Success in business.
700 1# - ADDED ENTRY--PERSONAL NAME
Personal name Raducha-Grace, Tim.
906 ## - LOCAL DATA ELEMENT F, LDF (RLIN)
a 7
b cbc
c orignew
d 1
e ecip
f 20
g y-gencatlg
942 ## - ADDED ENTRY ELEMENTS (KOHA)
Source of classification or shelving scheme
Koha item type Book
Holdings
Withdrawn status Lost status Source of classification or shelving scheme Damaged status Not for loan Home library Current library Shelving location Date acquired Total Checkouts Full call number Barcode Date last seen Copy number Price effective from Koha item type
          Riara University Library Riara University Library General stack 06/09/2016   HD62.37.R928 2010 7109/16 06/09/2016 C.1 06/09/2016 Book

Riara University Library,
P.O. Box 49940-00100,
Nairobi, Kenya.